[Event "PER-ch"]
[Site "Lima"]
[Date "2017.03.03"]
[Round "6"]
[White "Travezano Patino, Eduard Gedeon"]
[Black "Pizzardo, Salvador"]
[Result "0-1"]
[WhiteElo "1346"]
[BlackElo "2042"]
[PlyCount "66"]
[EventDate "2017.03.01"]
[EventType "swiss"]
[EventRounds "9"]
[EventCountry "PER"]
[SourceTitle "CBM 177 Extra"]
[Source "ChessBase"]
[SourceDate "2017.04.27"]
[SourceVersion "1"]
[SourceVersionDate "2017.04.27"]
[SourceQuality "1"]

1. e4 e6 2. Nf3 d5 3. Nc3 Nf6 4. e5 Nfd7 5. d4 c5 6. dxc5 Bxc5 7. Bd3 Nc6 8. Bf4 f6 9. exf6 Qxf6 10. Bg3 Bb4 11. Bh4 Bxc3+ 12. bxc3 Qxc3+ 13. Nd2 Qe5+ 14. Be2 Nd4 15. Bg3 Nxc2+ 16. Qxc2 Qxa1+ 17. Qb1 Qxb1+ 18. Nxb1 Nf6 19. 0-0 Bd7 20. Re1 Rc8 21. Bf3 Rc2 22. a3 Ke7 23. Bh4 Rhc8 24. Bg5 h6 25. Be3 e5 26. Bd1 Rc1 27. Bxc1 Rxc1 28. Kf1 Rxb1 29. Rxe5+ Kd6 30. Re1 Bb5+ 31. Be2 Bxe2+ 32. Kxe2 Rxe1+ 33. Kxe1 d4 0-1

[Event "PER-ch"]
[Site "Lima"]
[Date "2017.03.02"]
[Round "4"]
[White "Travezano Patino, Eduard Gedeon"]
[Black "Villanueva Orrego, Martin Williams"]
[Result "1-0"]
[WhiteElo "1346"]
[BlackElo "1364"]
[PlyCount "35"]
[EventDate "2017.03.01"]
[EventType "swiss"]
[EventRounds "9"]
[EventCountry "PER"]
[SourceTitle "CBM 177 Extra"]
[Source "ChessBase"]
[SourceDate "2017.04.27"]
[SourceVersion "1"]
[SourceVersionDate "2017.04.27"]
[SourceQuality "1"]

1. e4 e6 2. Nf3 d5 3. Nc3 dxe4 4. Nxe4 Nf6 5. Nxf6+ Qxf6 6. d4 h6 7. Bd3 Nc6 8. 0-0 Bd7 9. c3 0-0-0 10. b4 a6 11. a4 Na7 12. Qb3 c6 13. Be3 Kb8 14. Rfb1 Ka8 15. b5 a5 16. Ne5 Qe7 17. bxc6 Bxc6 18. Qb6 1-0

[Event "PER-ch"]
[Site "Lima"]
[Date "2017.03.01"]
[Round "1"]
[White "Travezano Patino, Eduard Gedeon"]
[Black "De la Cruz, Jonathan"]
[Result "0-1"]
[WhiteElo "1346"]
[BlackElo "1969"]
[PlyCount "79"]
[EventDate "2017.03.01"]
[EventType "swiss"]
[EventRounds "9"]
[EventCountry "PER"]
[SourceTitle "CBM 177 Extra"]
[Source "ChessBase"]
[SourceDate "2017.04.27"]
[SourceVersion "1"]
[SourceVersionDate "2017.04.27"]
[SourceQuality "1"]

1. e4 e5 2. Nf3 Nc6 3. Bc4 Bc5 4. 0-0 Nf6 5. d3 0-0 6. c3 d6 7. h3 h6 8. Re1 a6 9. Bb3 Ba7 10. Nbd2 Nd7 11. Nf1 Nc5 12. Bc2 f5 13. Ng3 f4 14. Nf1 Ne6 15. b3 Ng5 16. Bb2 Bxh3 17. N1h2 Nxf3+ 18. Qxf3 Bd7 19. Rad1 Qg5 20. d4 Qf6 21. Ba1 exd4 22. cxd4 Bxd4 23. Ng4 Bxg4 24. Qxg4 Bxa1 25. Rxa1 Ne5 26. Qh3 f3 27. g3 Rae8 28. Rac1 Qg5 29. b4 Kh8 30. Kh2 Ng4+ 31. Kg1 Re5 32. Bd3 Nxf2 33. Kxf2 Qd2+ 34. Be2 fxe2+ 35. Kg1 Qe3+ 36. Kh2 Rf2+ 37. Kh1 Qf3+ 38. Kg1 Rg5 39. Qc8+ Kh7 40. g4 0-1